Southville International School and Colleges
Your cart is empty.
  • Cart
  • Lists
    Public lists Eva Luna New books Lux_list list_1
    Your lists Log in to create your own lists
  • Log in to your account
  • Your cookies
  • Search history
Southville International School and Colleges
  • Advanced search
  • Recent comments
  • Most popular
  • Libraries

Log in to your account

Log in with GOOGLE


If you do not have an external account, but do have a local account, you can still log in:

  1. Home
  2. MARC view: Investment analysis and portfolio management /
Normal view MARC view ISBD view

Investment analysis and portfolio management / (Record no. 244)

[ view plain ]
MARC details
000 -LEADER
fixed length control field 00958nam a2200313 a 4500
001 - CONTROL NUMBER
control field 2583135
003 - CONTROL NUMBER IDENTIFIER
control field SISC
005 - DATE AND TIME OF LATEST TRANSACTION
control field 20160404152157.0
008 - FIXED-LENGTH DATA ELEMENTS--GENERAL INFORMATION
fixed length control field 970922s1997 txua b 001 0 eng
010 ## - LIBRARY OF CONGRESS CONTROL NUMBER
LC control number 96083161
020 ## - INTERNATIONAL STANDARD BOOK NUMBER
International Standard Book Number 032428903
040 ## - CATALOGING SOURCE
Original cataloging agency DLC
Transcribing agency DLC
050 00 - LIBRARY OF CONGRESS CALL NUMBER
Classification number HG 4521
Item number .R396 2000
082 ## - DEWEY DECIMAL CLASSIFICATION NUMBER
Classification number HS 332.6
Item number R27 2000
100 c# - MAIN ENTRY--PERSONAL NAME
Personal name Reilly, Frank K.
9 (RLIN) 9767
245 10 - TITLE STATEMENT
Title Investment analysis and portfolio management /
Statement of responsibility, etc Frank K. Reilly, Keith C. Brown.
250 ## - EDITION STATEMENT
Edition statement 8th ed.
260 ## - PUBLICATION, DISTRIBUTION, ETC. (IMPRINT)
Place of publication, distribution, etc Philadelphia :
Name of publisher, distributor, etc The Dyren Press,
Date of publication, distribution, etc c2000.
300 ## - PHYSICAL DESCRIPTION
Extent 1174 p. :
Other physical details col. ill. ;
Dimensions 26 cm.
440 #4 - SERIES STATEMENT/ADDED ENTRY--TITLE
Title The Dryden Press series in finance
9 (RLIN) 9768
650 #0 - SUBJECT ADDED ENTRY--TOPICAL TERM
Topical term or geographic name as entry element Investments.
9 (RLIN) 9769
650 #0 - SUBJECT ADDED ENTRY--TOPICAL TERM
Topical term or geographic name as entry element Investment analysis.
9 (RLIN) 9770
650 #0 - SUBJECT ADDED ENTRY--TOPICAL TERM
Topical term or geographic name as entry element Portfolio management.
9 (RLIN) 9771
700 1# - ADDED ENTRY--PERSONAL NAME
Personal name Brown, Keith C.
9 (RLIN) 9772
906 ## - LOCAL DATA ELEMENT F, LDF (RLIN)
a 7
b cbc
c orignew
d 2
e opcn
f 19
g y-gencatlg
942 ## - ADDED ENTRY ELEMENTS (KOHA)
Source of classification or shelving scheme Library of Congress Classification
Koha item type Books
Holdings
Withdrawn status Lost status Source of classification or shelving scheme Damaged status Home library Current library Shelving location Date acquired Total Checkouts Full call number Barcode Date last seen Copy number Price effective from Koha item type
    Library of Congress Classification   Luxembourg Library Luxembourg Library High School Section 08/29/2013   HG 4521 .R396 2000 9048 04/04/2016 1 10/03/2013 Books

Investment analysis and portfolio management /

APA

Reilly F. K., Brown K. C., . (2000). Investment analysis and portfolio management. Philadelphia: The Dyren Press.

Chicago

Reilly Frank K, Brown Keith C, . 2000. Investment analysis and portfolio management. Philadelphia: The Dyren Press.

Harvard

Reilly F. K., Brown K. C., . (2000). Investment analysis and portfolio management. Philadelphia: The Dyren Press.

MLA

Reilly Frank K, Brown Keith C, . Investment analysis and portfolio management. Philadelphia: The Dyren Press. 2000.

  • Place hold
  • Print
  • Cite
  • Add to your cart (remove)
  • Save record
    BIBTEX Dublin Core MARCXML MARC (non-Unicode/MARC-8) MARC (Unicode/UTF-8) MARC (Unicode/UTF-8, Standard) MODS (XML) RIS
  • More searches
    Search for this title in:
    Other Libraries (WorldCat) Other Databases (Google Scholar) Online Stores (Bookfinder.com) Open Library (openlibrary.org)

Exporting to Dublin Core...

SOUTHVILLE LIBRARY

Southville International School and Colleges Library

1281 Tropical Ave. Cor. Luxembourg St., BF Homes International, Las Pinas City

Tel. No. 8256374 / 252358 Loc. 117/146

Powered by Koha